000 02192nam a2200301Ia 4500
999 _c51498
_d51498
001 18484
003 GE_BSU
005 20250306110810.0
008 181216s2016||||ge |||||||||||||| ||geo||
020 _a9789941242649
040 _cGE_BSU
041 _ageo
080 _a27-36 წ-71
245 _aღირსი მიხეილ კლოპელი ; წმინდა ანტონი რომაელი ; ღირსი იოსებ მღვიმელი ; მამა არსენი და წმინდა პორფირე კავსოკალიველი /
_cშემდგენელი კახაბერ კენკიშვილი ; გარეკანის დიზაინი რატი თორდია.
264 _aთბილისი :
_bპალიტრა L,
_c2016.
300 _a196 გვ. ;
_c20 სმ.
490 _aსაქართველოს იმედი II : ყველა წმინდანი, რომელთა შესახებაც უნდა იცოდე, 2298-0547 / პროექტის რედაქტორი თამარ მამაცაშვილი ;
_vწ. 45
500 _aიბეჭდება სრულიად საქართველოს კათოლიკოს-პატრიარქის, უწმინდესისა და უნეტარესის ილია II-ის ლოცვა-კურთხევით
541 _h2 ლ.
653 _aრელიგია
653 _aღირსი მიხეილ კლოპელი
653 _aწმინდა ანტონი რომაელი
653 _aმამა არსენი და წმინდა პორფირე კავსოკალიველი
700 _aკენკიშვილი, კახაბერ
_eშემდგენელი
_924464
700 _aმამაცაშვილი, თამარ
_eპროექტის რედაქტორი
_924465
700 _aთორდია, რატი
_eდიზაინერი
_917902
942 _cBK
_2udc